رقصة الموت

Saved in:

Main Author: ابراهيم الغنيمى.

Format: Book

Language: Undetermined

Published: Cairo not identified

Series: القصص العربى

Tags: Add Tag

No Tags, Be the first to tag this record!

Call Number: P33 GHON

LEADER 00373nam a2200133Ia 4500
008 240404s9999||||xx |||||||||||||| ||und||
050 4 |a P33 GHON 
100 1 |a ابراهيم الغنيمى. 
245 1 0 |a رقصة الموت  |c ابراهيم الغنيمى 
264 1 |a Cairo  |b not identified 
300 |a 128  |c 19 
490 0 |a القصص العربى 
942 |2 lcc  |c BK 
999 |c 57928  |d 57928